LEADER 01834nam0 22004213i 450 001 NAP0582914 005 20251003044256.0 010 $a0071163573 100 $a20130724d2000 ||||0itac50 ba 101 | $aeng 102 $aus 181 1$6z01$ai $bxxxe 182 1$6z01$an 200 1 $aProcess control$edesigning processes and control systems for dynamic performance$fThomas E. Marlin 205 $a2. ed$bInternational editions 210 $aBoston [etc.]$cMcGraw Hill$dc2000 215 $aXXXIII, 1017 p.$d25 cm. 225 | $aMcGraw-Hill international editions. Chemical engineering series 410 0$1001NAP0582913$12001 $aMcGraw-Hill international editions. Chemical engineering series 606 $aSistemi di controllo$2FIR$3CFIC080659$9E 606 $aProcessi chimici$xControllo$2FIR$3UFIC099625$9I 676 $a660$9INGEGNERIA CHIMICA$v14 676 $a660.2815$9IMPIANTI CHIMICI E ATTIVITA' CONNESSA. CONTROLLO DEI PROCESSI, CONTROLLO COMPUTERIZZATO DEI PROCESSI$v22 696 $aControlli$aVigilanza$aProcessi chimici di laboratorio$aProcessi chimici industriali$aProcessi chimici naturali 699 $aControllo$zControlli 699 $aControllo$zVigilanza 699 $aProcessi chimici$yProcessi chimici di laboratorio 699 $aProcessi chimici$yProcessi chimici industriali 699 $aProcessi chimici$yProcessi chimici naturali 700 1$aMarlin$b, Thomas E.$3PUVV127159$4070$022314 801 3$aIT$bIT-000000$c20130724 850 $aIT-BN0095 901 $bNAP 01$cSALA DING $n$ 912 $aNAP0582914 950 0$aBiblioteca Centralizzata di Ateneo$c1 v.$d 01SALA DING 660 MAR.pr$e 0102 0000040695 VMA A4 1 v.$fY $h20020403$i20020403 977 $a 01 996 $aProcess Control$9135607 997 $aUNISANNIO